Katalog over lokalfrimarken, jarnvagsfrimarken, angbatsfrimarken, stampelfrimarken, Julmarken, Roda kors marken, Svenska Flaggans Dag's marken (Record no. 2022)

000 -LEADER
fixed length control field 00514nam a22000977a 4500
008 - FIXED-LENGTH DATA ELEMENTS--GENERAL INFORMATION
fixed length control field 160521b xxu||||| |||| 00| 0 eng d
100 ## - MAIN ENTRY--AUTHOR'S NAME
Author's Name Sandberg, Otto
245 ## - TITLE STATEMENT
Title Katalog over lokalfrimarken, jarnvagsfrimarken, angbatsfrimarken, stampelfrimarken, Julmarken, Roda kors marken, Svenska Flaggans Dag's marken
260 ## - PUBLICATION, DISTRIBUTION, ETC. (IMPRINT)
Place of publication, distribution, etc. Otto Sandberg
Name of publisher, distributor, etc. Goteborg, Sweden
Date of publication, distribution, etc. 1946
650 ## - TOPICAL TERM (Tag)
Topical term or geographic name Sweden | Seals and Labels | Railway Letter Stamps | Locals and Private Posts | Cinderella Material | Norway | Iceland | Finland | Denmark | Germany
Holdings
Withdrawn status Lost status Source of classification or shelving scheme Damaged status Koha normalized classification for sorting Not for loan Permanent Location Current Location Date acquired Total Checkouts Full call number Barcode Date last seen Price effective from Collection code Shelving location Copy number
        G6951 S438 S213   Northern Philatelic Library Northern Philatelic Library 05/21/2016   G6951 S438 S213 1002350 05/21/2016 05/21/2016      
        G6951 S438 S213   Northern Philatelic Library Northern Philatelic Library 10/01/2018   G6951 S438 S213 1005218 10/01/2018 10/01/2018   General Stacks 2

Powered by Koha